Wszystkie państwa na literę L - Statystyki

Ogólne statystyki
  • Ten quiz został rozwiązany 180 razy
  • Średni wynik to 6 z 7
Statystyki odpowiedzi
kontynent Odpowiedź % Poprawnych
Europa litwa
94%
Europa luksemburg
84%
Europa Liechtenstein
83%
Azja laos
78%
Azja liban
78%
Afryka Libia
76%
Afryka liberia
59%
Nie znaleziono quizów pasujących do podanych kryteriów
Rozkład punktacji
Procent ludzi z każdym wynikiem
Percentyl według liczby udzielonych odpowiedzi
Twoja historia wyników
Nie rozwiązałeś tego quizu